Independent study program (Record no. 18106)

MARC details
000 -LEADER
fixed length control field 00601nam a22001937a 4500
008 - FIXED-LENGTH DATA ELEMENTS--GENERAL INFORMATION
fixed length control field 191204b xxu||||| |||| 00| 0 eng d
020 ## - INTERNATIONAL STANDARD BOOK NUMBER
International Standard Book Number 1593632304
040 ## - CATALOGING SOURCE
Original cataloging agency KABU
Transcribing agency KABU
050 ## - LIBRARY OF CONGRESS CALL NUMBER
Classification number LB2364
Item number .J64 2007 c. 1
100 ## - MAIN ENTRY--PERSONAL NAME
Personal name Johnsen, Susan K.
245 ## - TITLE STATEMENT
Title Independent study program
Remainder of title teacher's guide
Statement of responsibility, etc. Susan K. Johnsen & Kathryn Lee Johnson
260 ## - PUBLICATION, DISTRIBUTION, ETC. (IMPRINT)
Place of publication, distribution, etc. Waco, Texas
Name of publisher, distributor, etc. Prufrock Press Inc.
Date of publication, distribution, etc. 2007
300 ## - PHYSICAL DESCRIPTION
Extent 211 p.
650 ## - SUBJECT ADDED ENTRY--TOPICAL TERM
Topical term or geographic name as entry element Tutors and tutoring
650 ## - SUBJECT ADDED ENTRY--TOPICAL TERM
Topical term or geographic name as entry element Independent study
650 ## - SUBJECT ADDED ENTRY--TOPICAL TERM
Topical term or geographic name as entry element Universities and colleges
700 ## - ADDED ENTRY--PERSONAL NAME
Personal name Johnson, Kathryn Lee
942 ## - ADDED ENTRY ELEMENTS (KOHA)
Source of classification or shelving scheme Library of Congress Classification
Koha item type General Collection
Classification part LB2364
Holdings
Withdrawn status Lost status Source of classification or shelving scheme Not for loan Home library Current library Date acquired Cost, normal purchase price Total Checkouts Full call number Barcode Date last seen Copy number Price effective from Koha item type
    Library of Congress Classification   Kabarak, Main Campus Kabarak, Main Campus 04/12/2019 6990.00   LB2364 .J64 2007 c. 1 022250 04/12/2019 c. 1 04/12/2019 General Collection
Designed with assistance from East African Informatics Ltd